ศัพทานุกรมการวิจัยทางประชากรและสังคม= : (ระเบียนเลขที่ 42124)
| 000 -LEADER | |
|---|---|
| fixed length control field | 01785nam a22002657a 4500 |
| 003 - CONTROL NUMBER IDENTIFIER | |
| control field | NALT |
| 005 - DATE AND TIME OF LATEST TRANSACTION | |
| control field | 20210921090149.0 |
| 008 - FIXED-LENGTH DATA ELEMENTS--GENERAL INFORMATION | |
| fixed length control field | s2547 th thaeng |
| 020 ## - INTERNATIONAL STANDARD BOOK NUMBER | |
| International Standard Book Number | 9749716418 |
| 040 ## - CATALOGING SOURCE | |
| Original cataloging agency | NALT |
| 041 ## - LANGUAGE CODE | |
| Language code of text/sound track or separate title | thaeng |
| 090 ## - LOCALLY ASSIGNED LC-TYPE CALL NUMBER (OCLC); LOCAL CALL NUMBER (RLIN) | |
| Classification number (OCLC) (R) ; Classification number, CALL (RLIN) (NR) | อ AG440.P6 |
| Local cutter number (OCLC) ; Book number/undivided call number, CALL (RLIN) | ม251ศ 2547 |
| 110 0# - MAIN ENTRY--CORPORATE NAME | |
| Corporate name or jurisdiction name as entry element | มหาวิทยาลัยมหิดล. สถาบันวิจัยประชากรและสังคม |
| 245 10 - TITLE STATEMENT | |
| Title | ศัพทานุกรมการวิจัยทางประชากรและสังคม= : |
| Remainder of title | Glossary of terms in population and social research |
| 260 3# - PUBLICATION, DISTRIBUTION, ETC. | |
| Place of publication, distribution, etc. | นครปฐม : |
| Name of publisher, distributor, etc. | สถาบันวิจัยประชากรและสังคม มหาวิทยาลัยมหิดล, |
| Date of publication, distribution, etc. | 2547 |
| 300 ## - PHYSICAL DESCRIPTION | |
| Extent | 148 หน้า : |
| Other physical details | ภาพประกอบ ; |
| Dimensions | 24 ซม. |
| 610 ## - SUBJECT ADDED ENTRY--CORPORATE NAME | |
| Corporate name or jurisdiction name as entry element | มหาวิทยาลัยมหิดล. สถาบันวิจัยประชากรและสังคม |
| 650 04 - SUBJECT ADDED ENTRY--TOPICAL TERM | |
| Topical term or geographic name entry element | วิจัยทางประชากร -- ศัพท์บัญญัติ |
| 650 04 - SUBJECT ADDED ENTRY--TOPICAL TERM | |
| Topical term or geographic name entry element | สังคมศาสตร์ -- วิจัย -- ศัพท์บัญญัติ |
| 650 04 - SUBJECT ADDED ENTRY--TOPICAL TERM | |
| Topical term or geographic name entry element | สังคมศาสตร์ -- ศัพท์บัญญัติ |
| 650 04 - SUBJECT ADDED ENTRY--TOPICAL TERM | |
| Topical term or geographic name entry element | ประชากรศาสตร์ -- ศัพท์บัญญัติ |
| 650 04 - SUBJECT ADDED ENTRY--TOPICAL TERM | |
| Topical term or geographic name entry element | ประชากรศาสตร์ -- ศัพท์บัญญัติสังคมศาสตร์ -- ศัพท์บัญญัติสังคมศาสตร์ -- วิจัย -- ศัพท์บัญญัติวิจัยทางประชากร -- ศัพท์บัญญัติ |
| 850 ## - HOLDING INSTITUTION | |
| Holding institution | NALT |
| 942 ## - ADDED ENTRY ELEMENTS (KOHA) | |
| Koha item type | Reference Book |
| Source of classification or shelving scheme | Library of Congress Classification |
| 998 ## - STAFF NAME (NALT) | |
| -- | 109 |
| -- | อารีรัตน์ วิชาช่าง |
| Withdrawn status | Lost status | Damaged status | Not for loan | Collection code | Home library | Current library | Total Checkouts | Full call number | Barcode | Date last seen | Copy number | Price effective from | Koha item type |
|---|---|---|---|---|---|---|---|---|---|---|---|---|---|
| Reference Book collection | National Assembly Library of Thailand | National Assembly Library of Thailand | อ AG440.P6 ม251ศ 2547 | 3961152524 | 09/06/2017 | c. 2 | 09/06/2017 | Reference Book | |||||
| Reference Book collection | National Assembly Library of Thailand | National Assembly Library of Thailand | อ AG440.P6 ม251ศ 2547 | 3961152523 | 09/06/2017 | c. 1 | 09/06/2017 | Reference Book |
